000 01335nam a2200325Ia 4500
003 GCL
008 140319s9999 xx 000 0 ara d
040 _aGCL /
_cGCL
082 0 4 _a953
_bر ح
100 1 _aاحمد فؤاد الاهوانى
245 1 0 _aالحضارة العربية /
_cاحمد فؤاد الاهوانى
700 1 _aغنيم عبدون
700 1 _aريسلر، جاك. س .
260 _aالقاهرة :
_bالدار المصرية للتأليف والترجمة
300 _a288 ص ؛
_c24 سم
650 0 4 _aالفينيقيون
650 0 4 _aالاشوريون
650 0 4 _aالاغريق
650 0 4 _aالرومان
650 0 4 _aالحضارة العربية - الاحوال الاجتماعية
650 0 4 _aالحضارة العربية - الاحوال الاقتصادية
650 0 4 _aالحضارة العربية - الاحوال الدينية
650 0 4 _aالحضارة العربية - الاحوال الثقافية
650 0 4 _aالحضارة العربية - العادات والتقاليد
650 0 4 _aالزراعة - الحضارة العربية
650 0 4 _aالصناعة - الحضارة العربية
650 0 4 _aالطب - الحضارة العربية
650 0 4 _aالفلسفة - الحضارة العربية
942 _2ddc
_cBK
999 _c42226
_d42226